Statistics for Top 5 Most Famous by First Name: N (#2)

Click here to take the quiz!

General Stats

  • This quiz has been taken 4 times
  • The average score is 1 of 30

Answer Stats

First NameLast NameHintLifespan% Correct
NadiaComăneciGymnast1961-
100%
NabilBentalebFootballer1994-
33%
NadeemAhmadThree-Star Pakistani Army General????-
0%
NadiaAliSinger-Songwriter1980-
0%
NadimAsfarPhotographer / Filmmaker1976-
0%
NadeemAslamNovelist1966-
0%
NadeemBaigActor / Singer / Producer1941-
0%
NadiaBoulangerComposer / Conductor / Teacher1887-1979
0%
NabilDirarFootballer1986-
0%
NabilEl ZharFootballer1986-
0%
NabilFekirFootballer1993-
0%
NadimGemayelPolitician / Member of the Kataeb Party1982-
0%
NabeelJabbourAuthor / Lecturer / Muslim Culture Expert1941-
0%
NadimKaramArtist / Painter / Sculptor / Architect1957-
0%
NadeemKashishTransgender Activist / Politician / Radio Show Host????-
0%
NadaMalanimaSinger1953-
0%
NadaMartinovićPedagogue / Conductor / Researcher1967-
0%
NadaObrićSinger1948-
0%
NadiaPetrovaTennis Player1982-
0%
NabeelQureshiApologetic / Author / Speaker1983-2017
0%
NabeelQureshiFilm Director / Screenwriter / Singer1985-
0%
NabeelRajabHuman Rights Activist / Bahrain Opposition Leader1964-
0%
NadimSadekMarketing-Entrepreneur1962-
0%
NabilSalamehSinger / Songwriter / Musician / Artist / Journalist / Founder of Radiodervish & Al Darawish1962-
0%
NadiaSawalhaActress / TV Presenter / TV Chef / Vlogger1964-
0%
NadaSehnaouiVisual Artist / Political Activist1958-
0%
NabeelShaukat AliSinger1989-
0%
NadimShehadiExecutive Director of Lebanese American University's New York Headquarters & Academic Center / Associate Fellow at Chatham House1956-
0%
NadeemTarinEducationist / Philanthropist / Businessman????-
0%
NadaTopčagićSinger1953-
0%

Score Distribution

Percentile by Number Answered

Percent of People with Each Score

Your Score History

You have not taken this quiz